Bez certifikátov sa nepohnete
Technický skúšobný ústav Piešťany, š.p. (TSÚ) - rozširuje svoju ponuku o nové atraktívne služby najmä pre priemysel. Poskytuje notifikované, autorizované a akreditované služby pre domáci i medzinárodný trh. Po vstupe do Európskej únie sa ústav stal notifikovaným orgánom pre desať smerníc EÚ. Orientá...
Gespeichert in:
| Format: | Buchkapitel |
|---|---|
| Sprache: | Slowakisch |
| Schlagworte: | |
| Tags: |
Keine Tags, Fügen Sie das erste Tag hinzu!
|
MARC
| LEADER | 00000naa$a2200000$$$4500 | ||
|---|---|---|---|
| 001 | 0075077 | ||
| 005 | 20231009110838.4 | ||
| 041 | 0 | |a slo | |
| 044 | |a SK | ||
| 245 | 1 | 0 | |a Bez certifikátov sa nepohnete |
| 520 | |a Technický skúšobný ústav Piešťany, š.p. (TSÚ) - rozširuje svoju ponuku o nové atraktívne služby najmä pre priemysel. Poskytuje notifikované, autorizované a akreditované služby pre domáci i medzinárodný trh. Po vstupe do Európskej únie sa ústav stal notifikovaným orgánom pre desať smerníc EÚ. Orientácia na medzinárodné trhy, pomoc podnikateľom. Široká paleta služieb TSÚ. Jedinečnosť a certifikácia. Perspektíva TSÚ. | ||
| 610 | 2 | 0 | |a normy |
| 610 | 2 | 0 | |a skúšobníctvo štátne |
| 610 | 2 | 0 | |a služby |
| 610 | 2 | 0 | |a podnikatelia |
| 610 | 2 | 0 | |a certifikácia |
| 610 | 2 | 0 | |a akreditácia |
| 610 | 2 | 0 | |a notifikácia |
| 610 | 2 | 0 | |a trh vnútorný |
| 610 | 2 | 0 | |a trh medzinárodný |
| 610 | 2 | 0 | |a Slovensko |